La población indígena y el mestizaje en América : el mestizaje y las castas coloniales /

保存先:
書誌詳細
第一著者: Rosenblat, Angel (autor)
フォーマット: 図書
言語:スペイン語
出版事項: Buenos Aires, Argentina : Nova, 1954, c1954
シリーズ:(Biblioteca Americanista)
主題:
タグ: タグ追加
タグなし, このレコードへの初めてのタグを付けませんか!

MARC

LEADER 00000nam^a2200000^a^4500
001 000131617
005 20250521000000.0
009 20260310095030.178
037 |a Acervo ITESO - Biblioteca 
041 |a ESP 
082 |a 980. 013  |b ROS V. 1 
100 |a Rosenblat, Angel  |e (autor) 
240 1 4 |a [La población indígena y el mestizaje en América] 
245 1 3 |a La población indígena y el mestizaje en América :  |b el mestizaje y las castas coloniales /  |c A. Rosenblat. 
264 4 |a Buenos Aires, Argentina :  |b Nova,  |c 1954, c1954 
300 |a 324, 188 p. 
336 |a texto  |b txt  |2 rdacontenido 
337 |a sin mediación  |b n  |2 rdamedio 
338 |a volumen  |b nc  |2 rdasoporte 
440 1 |a (Biblioteca Americanista) 
501 |a Encuadernación particular 
649 |a XX 
650 |a Indígenas -  |x Historia 
650 |a Indígenas -  |x Condiciones Sociales y Culturales 
650 |a Mestizaje -  |z América -  |x Historia 
650 |a Razas -  |z América -  |x Historia 
650 |a Castas -  |z América -  |x Historia 
650 |a Población -  |z América -  |x Historia 
650 |a Demografía -  |z América -  |x Historia 
650 |a América -  |x Historia -  |y Descubrimiento y Exploración 
650 |a América -  |x Historia -  |y Epoca Colonial 
650 |a América -  |x Historia -  |y Guerras de Independencia 
910 |a Fondo Salvador Reynoso Reynoso 
920 |a Impresos - Libros 
930 |a Fondos Especiales 
905 |a 112 
901 |a 0800012155  |b IT2  |c ESP  |u 20250521 
902 |a https://opac.biblio.iteso.mx/vufind/Record/000131617